| 000 | 01107nam a2200229Ia 4500 | ||
|---|---|---|---|
| 003 | OSt | ||
| 005 | 20210726123219.0 | ||
| 008 | 210310s1992 ck ad gr 000 0 eng d | ||
| 040 |
_aCO-JMCR _cCO-JMCR |
||
| 041 | 0 | _aeng | |
| 082 | 0 | 4 |
_a332.673 / _bN277c _223 |
| 110 | 2 |
_aColombia. _bNational Planning Departament _938707 |
|
| 245 | 1 | 0 |
_aForeign portfolio investment in Colombia / _cNational Planning Departament, Corredores Asociados S.A. |
| 260 |
_a[Bogotá] : _bNational Planning Departament, _c1992 |
||
| 300 |
_a124 páginas : _bilustraciones y gráficas a blanco y negro ; _c23 cm. |
||
| 505 | 0 | _aColombia, general aspects -- The open economy and the drive for private investment -- General regulations governing portfolio investment -- Stock markets in Colombia -- Taxation in Colombia -- Statistical annex -- Annex: legal texts and stock exchange regulations | |
| 650 | 1 | 4 |
_aInversiones extranjeras _916455 _zColombia |
| 650 | 2 | 4 |
_aMercado de capitales _zColombia _97652 |
| 650 | 2 | 4 |
_aInversiones de capital _zColombia _97871 |
| 710 | 1 |
_aCorredores Asociados S.A. _bautor _938708 |
|
| 942 |
_2ddc _cBK |
||
| 999 |
_c8142 _d8142 |
||